000 00677nam a2200265Ia 4500
005 20260302114807.0
008 008 260114s9999 xx 000 0 eng d
020 _a9780761878032
037 _aTextbook
040 _aCRL
040 _beng
040 _cCRL
041 _2eng
041 _aeng
084 _qCRL
100 _aUnderwood Charles
_91119776
245 0 _aHomer The Odyssey A Prose Translation
260 _bBloomsbury
260 _bHamilton Books
260 _c2022
650 _aLiterary Studies
856 _uhttps://doi.org/10.5040/9780761878032?locatt=label:secondary_bloomsburyCollections
942 _cEBOOK
999 _c1683857
_d1683857